| 000 | 00000nam##2200000za#4500 |
| 001 | 9.607787 |
| 003 | CaOODSP |
| 005 | 20210624213312 |
| 007 | cr ||||||||||| |
| 008 | 150406|2001||||xxc|||||o f|0| 0 fre|d |
| 040 | |aCaOODSP|bfre |
| 043 | |an-cn--- |
| 086 | 1 |aNH18-22/101-118F-PDF |
| 110 | 2 |aSociété canadienne d'hypothèques et de logement. |
| 245 | 10|aMise à l'essai du protocole d'assurance de la qualité de la SCHL et de la société Polygon Construction Management Ltd. / |h[ressource électronique] |
| 250 | |aRévision 2007 |
| 260 | |aOttawa - Ontario : |bSociété canadienne d'hypothèques et de logement |cc2001, 2007. |
| 300 | |a4p.|bfigure |
| 490 | 1 |aLe point en recherche et développement; série technique|v01-118 |
| 500 | |aFichier reproduit à partir de l'original imprimé. |
| 590 | |a14-16-Supp|b2014-09-25 |
| 775 | 08|tQuality assurance protocol test drive by CMHC and Polygon Construction Management Ltd. |w(CaOODSP)9.580846 |
| 830 | #0|aLe point en recherche et développement; série technique ;|v01-118|w(CaOODSP)9.500900 |
| 856 | 40|ahttp://publications.gc.ca|qPDF|s135 Ko|uhttps://publications.gc.ca/collections/collection_2014/schl-cmhc/NH18-22-101-118-fra.pdf|y01-118 |